[Event "EU-ch Amateur U2300"]
[Site "Niksic"]
[Date "2018.06.21"]
[Round "9"]
[White "Koljevic, Nikolina"]
[Black "Mugosa, Srdjan"]
[Result "1-0"]
[WhiteElo "1832"]
[BlackElo "2012"]
[PlyCount "49"]
[EventDate "2018.06.14"]
[EventType "swiss"]
[EventRounds "9"]
[EventCountry "MNE"]
[SourceTitle "CBM 185 Extra"]
[Source "ChessBase"]
[SourceDate "2018.07.29"]
[SourceVersion "1"]
[SourceVersionDate "2018.07.29"]
[SourceQuality "1"]

1. e4 c5 2. Nf3 Nc6 3. Bb5 g6 4. 0-0 Bg7 5. Re1 e5 6. Nc3 Nge7 7. d3 0-0 8. Be3 Nd4 9. Bc4 h6 10. a4 Kh7 11. Nd5 d6 12. c3 Nxf3+ 13. Qxf3 f5 14. Qd1 f4 15. Bc1 f3 16. Re3 fxg2 17. Rf3 g5 18. Rxf8 Qxf8 19. Qh5 g4 20. Nc7 Rb8 21. Ne6 Bxe6 22. Bxe6 Ng6 23. Bf5 Qf6 24. Qxg4 Rg8 25. h4 1-0

[Event "EU-ch Amateur U2300"]
[Site "Niksic"]
[Date "2018.06.20"]
[Round "8"]
[White "Mugosa, Srdjan"]
[Black "Blagojevic, Lidija"]
[Result "1-0"]
[WhiteElo "2012"]
[BlackElo "1928"]
[PlyCount "135"]
[EventDate "2018.06.14"]
[EventType "swiss"]
[EventRounds "9"]
[EventCountry "MNE"]
[SourceTitle "CBM 185 Extra"]
[Source "ChessBase"]
[SourceDate "2018.07.29"]
[SourceVersion "1"]
[SourceVersionDate "2018.07.29"]
[SourceQuality "1"]

1. c4 e5 2. Nc3 d6 3. Nf3 Nf6 4. d4 Nbd7 5. e4 c6 6. Bd3 Be7 7. 0-0 0-0 8. h3 a5 9. Be3 Re8 10. d5 Qc7 11. Qd2 Nf8 12. Rac1 Ng6 13. Ne2 Nh5 14. g4 Nf6 15. Ng3 c5 16. Kh2 Bf8 17. Nf5 Ne7 18. Bg5 Nxf5 19. Bxf6 Nd4 20. Nxd4 cxd4 21. Bh4 Be7 22. Bg3 g5 23. f3 b6 24. Kg2 Kg7 25. Rh1 Qd8 26. Rh2 Rh8 27. b3 Bd7 28. a3 h5 29. Kg1 h4 30. Be1 Qc7 31. Qb2 Rhc8 32. Rhc2 Qb7 33. a4 Qc7 34. Ra1 Ra7 35. Kg2 Rca8 36. Bf2 Be8 37. Qb1 Bf6 38. Kh2 Kf8 39. Qd1 Bd7 40. Rd2 Qd8 41. Qe2 Ke7 42. Rg1 Qh8 43. f4 exf4 44. Qd1 Be5 45. Qf3 Qc8 46. Be2 Qc5 47. Rgd1 f6 48. Rxd4 Bxd4 49. Bxd4 Qb4 50. Qd3 Rf8 51. Bf3 Kd8 52. Rb1 Be8 53. Kh1 Bg6 54. Bc3 Qc5 55. Bd4 Qc7 56. Rb2 Rb7 57. Qc3 Qe7 58. Re2 Kc8 59. Kg2 Qd8 60. Kf2 Be8 61. Ra2 Bg6 62. b4 Rff7 63. Rb2 axb4 64. Rxb4 Qe7 65. Qd3 Kc7 66. Qb1 b5 67. cxb5 Rf8 68. a5 1-0

[Event "EU-ch Amateur U2300"]
[Site "Niksic"]
[Date "2018.06.18"]
[Round "6"]
[White "Mugosa, Srdjan"]
[Black "Maloberti, David"]
[Result "0-1"]
[WhiteElo "2012"]
[BlackElo "2148"]
[PlyCount "148"]
[EventDate "2018.06.14"]
[EventType "swiss"]
[EventRounds "9"]
[EventCountry "MNE"]
[SourceTitle "CBM 185 Extra"]
[Source "ChessBase"]
[SourceDate "2018.07.29"]
[SourceVersion "1"]
[SourceVersionDate "2018.07.29"]
[SourceQuality "1"]

1. Nf3 Nf6 2. d4 g6 3. Bf4 Bg7 4. e3 0-0 5. h3 d6 6. Be2 Nc6 7. c4 Ne4 8. Nc3 Nxc3 9. bxc3 e5 10. Bg3 e4 11. Nd2 Qe7 12. 0-0 Bh6 13. Nb3 f5 14. c5 f4 15. exf4 Bxf4 16. Bg4 Bxg3 17. fxg3 Rxf1+ 18. Qxf1 Bxg4 19. hxg4 Rf8 20. Qe2 d5 21. a4 Qg5 22. a5 a6 23. Nd2 Rf7 24. Nf1 Nd8 25. Ne3 Ne6 26. c6 bxc6 27. Re1 c5 28. Qxa6 cxd4 29. Qxe6 dxe3 30. a6 Qf6 31. Qxd5 c6 32. Qd1 Qf2+ 33. Kh2 Qd2 34. Qe2 Qxc3 35. Qxe3 Qxe3 36. Rxe3 Ra7 37. Rxe4 Rxa6 38. Re7 Ra1 39. g5 c5 40. Kh3 c4 41. Rc7 Rc1 42. Kg4 c3 43. Kf3 c2 44. Ke2 Rg1 45. Rxc2 Rxg2+ 46. Kd1 Rxg3 47. Rc8+ Kf7 48. Rc7+ Ke6 49. Rxh7 Re3 50. Kd2 Re5 51. Rh1 Kf5 52. Rg1 Kf4 53. Kd1 Rxg5 54. Rf1+ Ke3 55. Rh1 Kf2 56. Rh2+ Kf3 57. Rh3+ Rg3 58. Rh1 g5 59. Ke1 Kg2 60. Rh5 Re3+ 61. Kd2 Re5 62. Kd3 Kf3 63. Rh3+ Kf4 64. Rh5 Re8 65. Rh1 g4 66. Rf1+ Kg3 67. Rf7 Kg2 68. Kd2 g3 69. Kd3 Kg1 70. Kd2 g2 71. Rh7 Re5 72. Rg7 Rh5 73. Ke2 Kh2 74. Kf2 Rf5+ 0-1

[Event "EU-ch Amateur U2300"]
[Site "Niksic"]
[Date "2018.06.15"]
[Round "2"]
[White "Mugosa, Srdjan"]
[Black "Delevic, Nina"]
[Result "1-0"]
[WhiteElo "2012"]
[BlackElo "1797"]
[PlyCount "49"]
[EventDate "2018.06.14"]
[EventType "swiss"]
[EventRounds "9"]
[EventCountry "MNE"]
[SourceTitle "CBM 185 Extra"]
[Source "ChessBase"]
[SourceDate "2018.07.29"]
[SourceVersion "1"]
[SourceVersionDate "2018.07.29"]
[SourceQuality "1"]

1. c4 Nf6 2. Nc3 g6 3. d4 d6 4. e4 Bg7 5. f3 Nbd7 6. Be3 0-0 7. Qd2 e5 8. d5 Ne8 9. h4 f5 10. Bg5 Ndf6 11. h5 f4 12. h6 Bh8 13. 0-0-0 c5 14. dxc6 bxc6 15. c5 Be6 16. Qc2 d5 17. Qa4 Qc7 18. Nh3 Rb8 19. Ba6 Qf7 20. Bh4 d4 21. Ng5 Qe7 22. Nxe6 dxc3 23. b3 Nc7 24. Nxc7 Qxc7 25. Qc4+ 1-0

[Event "MNT-chT 1st League"]
[Site "Podgorica"]
[Date "2014.10.12"]
[Round "9.5"]
[White "Mugosa, Srdjan"]
[Black "Putnik, Perica"]
[Result "0-1"]
[WhiteElo "2072"]
[BlackElo "1938"]
[PlyCount "142"]
[EventDate "2014.08.29"]
[EventType "team-tourn"]
[EventRounds "9"]
[EventCountry "MNE"]
[SourceTitle "EXT 2018"]
[Source "ChessBase"]
[SourceDate "2017.10.13"]
[SourceVersion "1"]
[SourceVersionDate "2017.10.13"]
[SourceQuality "1"]
[WhiteTeam "Mornar"]
[BlackTeam "Zeta"]
[WhiteTeamCountry "MNE"]
[BlackTeamCountry "MNE"]

1. c4 Nc6 2. d4 e5 3. d5 Nce7 4. d6 cxd6 5. Nc3 Ng6 6. g3 Nf6 7. h4 h5 8. e4 Be7 9. Bg5 Qa5 10. Bg2 Qb4 11. Qe2 Nf8 12. 0-0-0 Ne6 13. Bxf6 gxf6 14. Nd5 Qc5 15. Kb1 a5 16. Nf3 b6 17. a4 Ba6 18. b3 Rc8 19. Rc1 Qa3 20. Qb2 Qc5 21. Rhd1 Bb7 22. Rd2 Bxd5 23. Rxd5 Qc6 24. Rcd1 Nc7 25. Bh3 Nxd5 26. Rxd5 Qb7 27. Bf5 Rc5 28. Rd1 Rc8 29. Ne1 Qc6 30. Nc2 Qc5 31. Ne3 Rc6 32. Nd5 Rc8 33. Bh3 Bd8 34. Bg2 Be7 35. Bf3 Bd8 36. Ka2 Kf8 37. Ne3 Be7 38. Rd5 Qc7 39. Nf5 Qb8 40. Qe2 Rc5 41. Rd2 Qc7 42. Bxh5 b5 43. axb5 a4 44. Bf3 axb3+ 45. Kxb3 d5 46. exd5 d6 47. Ra2 Qc8 48. Ra7 Qxf5 49. Be4 Qc8 50. Qa2 Qd8 51. Bf5 Kg7 52. Rd7 Qc8 53. Qe2 Kf8 54. h5 Qb8 55. g4 Rc7 56. Qe3 Rxd7 57. Bxd7 Kg7 58. f4 Qd8 59. Bc6 Qa5 60. Qe4 Qb6 61. g5 Rxh5 62. gxf6+ Bxf6 63. Qg2+ Kf8 64. Qg4 Rh4 65. Qc8+ Kg7 66. Be8 Rxf4 67. c5 dxc5 68. Qd7 Bg5 69. Qc6 Rb4+ 70. Kc2 Qa5 71. Qa6 Rc4+ 0-1

[Event "MNT-chT"]
[Site "Cetinje"]
[Date "2013.06.25"]
[Round "2.6"]
[White "Savovic, Dragan"]
[Black "Mugosa, Srdjan"]
[Result "1-0"]
[WhiteElo "2227"]
[BlackElo "2091"]
[PlyCount "125"]
[EventDate "2013.06.24"]
[EventType "team-tourn"]
[EventRounds "9"]
[EventCountry "MNE"]
[SourceTitle "CBM 155 Extra"]
[Source "ChessBase"]
[SourceDate "2013.08.26"]
[SourceVersion "1"]
[SourceVersionDate "2013.08.26"]
[SourceQuality "1"]
[WhiteTeam "Bemax"]
[BlackTeam "Mornar"]
[WhiteTeamCountry "MNE"]
[BlackTeamCountry "MNE"]

1. e4 c5 2. Nc3 Nc6 3. g3 g6 4. Bg2 Bg7 5. d3 e5 6. f4 d6 7. Nf3 Nge7 8. 0-0 0-0 9. Be3 Nd4 10. Qd2 Rb8 11. Nd1 f5 12. c3 Ne6 13. Nf2 b6 14. fxe5 dxe5 15. Bh6 Qd6 16. Bxg7 Kxg7 17. exf5 gxf5 18. Rae1 Ng6 19. Qe2 e4 20. dxe4 f4 21. e5 Qe7 22. g4 Bb7 23. Ne4 Bxe4 24. Qxe4 Rbe8 25. h3 Rf7 26. Rd1 Kh8 27. Qc6 Rg8 28. Rd6 Ngf8 29. Nh2 Nd8 30. Qc8 Nde6 31. Bd5 Rg6 32. Bxe6 Rxe6 33. Rxe6 Qxe6 34. Qxe6 Nxe6 35. Nf3 Rd7 36. Kf2 Rd3 37. Re1 Kg7 38. Re2 c4 39. Rd2 Nc5 40. Re2 Ne6 41. h4 h5 42. gxh5 Kh6 43. Nd4 Ng7 44. e6 Kxh5 45. e7 Ne8 46. Re1 Kg4 47. h5 Rd2+ 48. Ne2 Kxh5 49. Rg1 Rd7 50. Nxf4+ Kh6 51. Rg6+ Kh7 52. Re6 Kg7 53. Ke3 Kf7 54. Rc6 Kxe7 55. Rxc4 Nd6 56. Rc6 Nb7 57. b4 Nd8 58. Ng6+ Ke8 59. Rc8 Rd6 60. Ne5 Re6 61. Kd4 a6 62. Kd5 Rh6 63. Rxd8+ 1-0

[Event "MNT-chT"]
[Site "Cetinje"]
[Date "2010.07.31"]
[Round "8"]
[White "Krstonijevic, Stjepan"]
[Black "Mugosa, Srdjan"]
[Result "1/2-1/2"]
[WhiteElo "1960"]
[BlackElo "2146"]
[PlyCount "24"]
[EventDate "2010.07.24"]
[EventType "team-swiss"]
[EventRounds "9"]
[EventCountry "MNE"]
[SourceTitle "CBM 137 Extra"]
[Source "ChessBase"]
[SourceDate "2010.09.01"]
[SourceVersion "1"]
[SourceVersionDate "2010.09.01"]
[SourceQuality "1"]

1. d4 d5 2. c4 e6 3. Nf3 c6 4. Qb3 f5 5. Bg5 Nf6 6. e3 Qa5+ 7. Nbd2 Bb4 8. a3 Bxd2+ 9. Nxd2 Ne4 10. Qc2 Qxd2+ 11. Qxd2 Nxd2 12. Kxd2 0-0 1/2-1/2